000 00240nam a22000857a 4500
008 160916b xxu||||| |||| 00| 0 eng d
100 _9606
_aBalasubramaniam.P.
245 _aBridgers English Reader-I
260 _aNew Delhi
_bFrank Publications
_c2012
999 _c3264
_d3264